000 01060nam a2200241Ia 4500
999 _c50341
_d50341
001 17282
003 GE_BSU
005 20200210170654.0
008 181216s2014ge xx |||||||||||||| ||geo||
040 _cGE_BSU
041 _ageo
080 _a28-277 დ-74
100 _aდონდურენი,ჰამდი.
_96965
245 _aისლამის ცოდნის წყარო /
_cმთარგმნ. თამაზ მიქელაძე ; თეოლოგიური რედ . რეზო მიქელაძე .
264 _aსტანბოლი :
_bგამ-ბა ერქამი.
_c2014.
300 _a758 გვ.:
_c24 სმ.
653 _aისლამი
653 _aისლამის ცოდნის წყარო
653 _aრელიგია
700 _aმიქელაძე, თამაზ
_eმთარგმნელი
_96966
700 _aმიქელაძე, რეზო
_eთეოლოგიური რედაქტორი
_96962
942 _cBK
_2udc